Регионална библиотека "Любен Каравелов" - Русе

Децата на Дон Кихот. Белгийски и други разкази (Запис номер 382173)

MARC детайли
000 -Лидер
Контролно поле с фиксирана дължина nam a22 a 4500
003 - Код на организацията, давaща контролен номер
Контролно поле BLK
005 - Дата и час на последна редакция
Контролно поле 20210706150439.0
008 - Елементи от данни с фиксирана дължина
fixed length control field 200813b bu ||||| |||| 00| 0 bu d
020 ## - Международен стандартен номер на книга ISBN
Международен стандартен номер на книга ISBN 9786192201845
040 ## - Източник на каталожния запис
Идентификатор на билиотеката - собственик на записа BLK
041 ## - Код за език
Код за езика на текст/звукозапис или на отделно заглавие Български
Код за езика КДБФ Български
080 ## - УДК
Текстов определител УДК Българска литература
УДК код - определител по УДК 821.163.2
УДК определител -32
УДК - код + определител 821.163.2-32
100 ## - Редна дума - Автор
R(LIN) 265404
Автор Стоилов, Димил
Авторска отговорност първи автор
139 ## - Редно поле
Редна дума Стоилов, Димил
Авторски знак Стоил - С 79
245 ## - Сведения за заглавието
Заглавие Децата на Дон Кихот. Белгийски и други разкази
Редно поле (дума) Димил Стоилов
260 ## - Област на издателските данни
9 (RLIN) 389463
Място на издаване, разпространение и проч. София
Име на издателя, разпространителя и проч. Лексикон
Година на издаване 2018
300 ## - Физическа характеристика
Страници 248 с.
Размери/Мащаб 21 см
380 ## - Жанр
Жанр Худож. лит.
999 ## - СИСТЕМНИ КОНТРОЛНИ НОМЕРА
Koha biblionumber 382173
Koha biblioitemnumber 382173
942 ## - АРТИКУЛИ
Вид на библиотечния материал Книги
Скрит в OPAC Не
Периодичен библиозапис Да
Koha issues (borrowed), all copies 2
999 ## - СИСТЕМНИ КОНТРОЛНИ НОМЕРА
Koha biblioitemnumber 382173
Наличности
Код за отписване Код за изгубен артикул Източник на класификационната схема Код за повреда Коз за рестрикции Код за отдаване Артикулен № Име на библиотеката - собственик Име на библиотеката, в която се намира в момента Статус (Текущо местоположение) Дата на вписване в системата Местоположение - отдел Цена в лева Систематично азбучна сигнатура Баркод Цена в евро Служебен тип на артикула
  Не е изгубен Universal Decimal Classification Не е повреден без рестрикции заемане за дома 800612 Регионална библиотека "Любен Каравелов" Русе Регионална библиотека "Любен Каравелов" Русе Заемна - подръчен фонд 2020-09-26 Заемна - подръчен фонд 11.88 821.163.2-32/С 79 Д 120000847758 6.07 Книги
Vip Innovations Ltd, Rousse, Bulgaria 2025